[Event "Wroclaw Anderssen Memorial op-C"]
[Site "Wroclaw"]
[Date "2023.??.??"]
[Round "1"]
[White "Traczewski, Wojciech"]
[Black "Andrzejewska, Anna"]
[Result "1-0"]
[WhiteElo "1353"]
[BlackElo "1923"]
[PlyCount "79"]
[EventDate "2023.08.06"]
[EventType "swiss"]
[EventRounds "9"]
[EventCountry "POL"]
[SourceTitle "EXT 2024"]
[Source "ChessBase"]
[SourceDate "2023.10.10"]
[SourceVersion "1"]
[SourceVersionDate "2023.10.10"]
[SourceQuality "1"]

1. c4 e5 2. Nc3 Nc6 3. Nf3 Bc5 4. g3 Nf6 5. Bg2 0-0 6. 0-0 d6 7. a3 Be6 8. d3 h6 9. b4 Bd4 10. Nxd4 Nxd4 11. Bxb7 Rb8 12. Bg2 Qd7 13. e3 Nc6 14. Qf3 Ne7 15. Ne4 Nxe4 16. Qxe4 Bf5 17. Qf3 Bxd3 18. Rd1 Bxc4 19. Qe4 Be6 20. Bb2 Ng6 21. Qd3 Bh3 22. Be4 Qg4 23. f3 Qg5 24. f4 Qg4 25. Kf2 exf4 26. exf4 Rfe8 27. Bf3 Qf5 28. Qc3 f6 29. Qxc7 Rec8 30. Qxd6 Rc2+ 31. Rd2 Rbc8 32. Rad1 Qe6 33. Bd5 R2c6 34. Bxe6+ Bxe6 35. Qd3 Ne7 36. Qf1 Bc4 37. Rd8+ Rxd8 38. Rxd8+ Kh7 39. Qb1+ Ng6 40. Qe4 1-0

[Event "Panevezys op-B 26th"]
[Site "Panevezys"]
[Date "2013.08.12"]
[Round "1"]
[White "Voropajevas, Nikolajus"]
[Black "Traczewski, Wojciech"]
[Result "0-1"]
[WhiteElo "1535"]
[BlackElo "1778"]
[PlyCount "62"]
[EventDate "2013.08.12"]
[EventType "swiss"]
[EventRounds "8"]
[EventCountry "LTU"]
[SourceTitle "CBM 155 Extra"]
[Source "ChessBase"]
[SourceDate "2013.08.26"]
[SourceVersion "1"]
[SourceVersionDate "2013.08.26"]
[SourceQuality "1"]

1. e4 c5 2. Nf3 d6 3. c3 Nc6 4. Bb5 Bd7 5. d4 cxd4 6. Nxd4 Nf6 7. f3 e5 8. Ne2 Be7 9. 0-0 Qb6+ 10. Kh1 Qxb5 11. Na3 Qb6 12. Nc4 Qc7 13. b4 Nxb4 14. Na3 Na6 15. Bb2 0-0 16. Qd2 Bc6 17. c4 Nc5 18. Nc3 a6 19. Nd5 Bxd5 20. cxd5 b5 21. Rac1 Qd8 22. Bc3 Rc8 23. Nc2 Nfxe4 24. Qe1 Nxc3 25. Qxc3 Bg5 26. Rcd1 Na4 27. Qd3 Nb2 28. Qb3 Nxd1 29. Rxd1 Qc7 30. Ne1 Qc4 31. Qb1 Qf1# 0-1

[Event "Panevezys op 25th"]
[Site "Panevezys"]
[Date "2012.08.16"]
[Round "6"]
[White "Traczewski, Wojciech"]
[Black "Ramanauskas, Leonas"]
[Result "1-0"]
[WhiteElo "1782"]
[BlackElo "1765"]
[PlyCount "117"]
[EventDate "2012.08.13"]
[EventType "swiss"]
[EventRounds "9"]
[EventCountry "LTU"]
[SourceTitle "CBM 149 Extra"]
[Source "ChessBase"]
[SourceDate "2012.08.24"]
[SourceVersion "1"]
[SourceVersionDate "2012.08.24"]
[SourceQuality "1"]

1. e4 Nf6 2. e5 Nd5 3. d4 c5 4. c4 Nb4 5. d5 d6 6. exd6 exd6 7. Bd3 g6 8. Ne2 Bg7 9. Nbc3 Nxd3+ 10. Qxd3 0-0 11. 0-0 Re8 12. Ng3 a6 13. Bd2 Nd7 14. f4 Nf6 15. h3 Bd7 16. f5 b5 17. fxg6 fxg6 18. Bg5 bxc4 19. Qd2 Rf8 20. Rae1 Rf7 21. Qf4 Qf8 22. Re6 Nxd5 23. Nxd5 Bxe6 24. Nf6+ Bxf6 25. Bxf6 Rxf6 26. Qxf6 Qxf6 27. Rxf6 Re8 28. Ne4 Bf5 29. Nxd6 Re1+ 30. Kf2 Rc1 31. Nxf5 Rc2+ 32. Kf3 gxf5 33. Rxf5 c3 34. bxc3 Rxc3+ 35. Ke4 Rc2 36. Rg5+ Kf7 37. a3 Rc3 38. Rf5+ Ke6 39. Rf3 Rc4+ 40. Kd3 Ra4 41. Kc2 Re4 42. Kd2 Kd5 43. Kc3 a5 44. Rf5+ Kc6 45. Kb3 a4+ 46. Kc3 Kb5 47. Kd3 Rd4+ 48. Kc3 Re4 49. Kd3 Re1 50. Rf7 h6 51. Rb7+ Kc6 52. Ra7 Rd1+ 53. Ke2 Rd4 54. Ra6+ Kb5 55. Rxh6 Kc4 56. Rh5 Re4+ 57. Kd2 Kd4 58. g3 c4 59. Rh4 1-0

[Event "Panevezys op 25th"]
[Site "Panevezys"]
[Date "2012.08.14"]
[Round "3"]
[White "Traczewski, Wojciech"]
[Black "Sulikiene, Kristina"]
[Result "0-1"]
[WhiteElo "1782"]
[BlackElo "1980"]
[PlyCount "40"]
[EventDate "2012.08.13"]
[EventType "swiss"]
[EventRounds "9"]
[EventCountry "LTU"]
[SourceTitle "CBM 149 Extra"]
[Source "ChessBase"]
[SourceDate "2012.08.24"]
[SourceVersion "1"]
[SourceVersionDate "2012.08.24"]
[SourceQuality "1"]

1. e4 e5 2. Nf3 Nf6 3. Nxe5 d6 4. Nf3 Nxe4 5. d4 d5 6. Bd3 Be7 7. 0-0 Nc6 8. c3 Bg4 9. Re1 f5 10. Bb5 0-0 11. Bxc6 bxc6 12. Qd3 Bd6 13. Ne5 Qh4 14. g3 Qh3 15. f3 Bxe5 16. dxe5 Nc5 17. Qe3 f4 18. gxf4 Bxf3 19. Qd2 Rxf4 20. Kf2 Qg2+ 0-1

[Event "Gdansk op 14th"]
[Site "Gdansk"]
[Date "2012.07.28"]
[Round "8"]
[White "Zaytseva, Kira"]
[Black "Traczewski, Wojciech"]
[Result "0-1"]
[WhiteElo "1643"]
[BlackElo "1778"]
[PlyCount "42"]
[EventDate "2012.07.22"]
[EventType "swiss"]
[EventRounds "9"]
[EventCountry "POL"]
[SourceTitle "CBM 149 Extra"]
[Source "ChessBase"]
[SourceDate "2012.08.24"]
[SourceVersion "1"]
[SourceVersionDate "2012.08.24"]
[SourceQuality "1"]

1. e4 e6 2. d4 d5 3. e5 c5 4. Qg4 cxd4 5. Bd3 Nc6 6. Nf3 Qc7 7. Qg3 Nge7 8. 0-0 Ng6 9. Re1 Bd7 10. a3 0-0-0 11. h4 f6 12. Bxg6 hxg6 13. Bf4 f5 14. Ng5 Be7 15. Nf7 Rxh4 16. Nxd8 Qxd8 17. Kf1 d3 18. cxd3 Rh1+ 19. Ke2 Nd4+ 20. Kd2 Rxe1 21. Kxe1 Nc2+ 0-1

[Event "Panevezys op-B 24th"]
[Site "Panevezys"]
[Date "2011.08.12"]
[Round "5"]
[White "Strigunas, Rytis"]
[Black "Traczewski, Wojciech"]
[Result "1-0"]
[WhiteElo "1560"]
[BlackElo "1832"]
[PlyCount "47"]
[EventDate "2011.08.09"]
[EventType "swiss"]
[EventRounds "9"]
[EventCountry "LTU"]
[SourceTitle "CBM 144 Extra"]
[Source "ChessBase"]
[SourceDate "2011.10.28"]
[SourceVersion "1"]
[SourceVersionDate "2011.10.28"]
[SourceQuality "1"]

1. e4 e6 2. d4 d5 3. Nd2 dxe4 4. Nxe4 Nd7 5. Nf3 Ngf6 6. Nxf6+ Nxf6 7. Bd3 Be7 8. 0-0 0-0 9. c3 c5 10. Qc2 h6 11. Rd1 cxd4 12. Nxd4 Nd5 13. Ne2 Bd7 14. Be4 Bc6 15. c4 Nb4 16. Rxd8 Rfxd8 17. Qb3 Bxe4 18. Bf4 Rd3 19. Nc3 Rad8 20. Re1 Bg6 21. a3 Re3 22. Bxe3 Bc2 23. Qxb4 Bxb4 24. axb4 1-0

[Event "CP-2010-P-00059"]
[Site "LSS email"]
[Date "2010.09.28"]
[Round "?"]
[White "Dard, Michel"]
[Black "Traczewski, Wojciech"]
[Result "1-0"]
[WhiteElo "2122"]
[BlackElo "1382"]
[PlyCount "31"]
[EventDate "2010.10.01"]
[EventType "tourn (corr)"]
[EventRounds "6"]
[EventCountry "GER"]
[SourceTitle "Corr 2013"]
[Source "ChessBase"]
[SourceDate "2012.11.12"]
[SourceVersion "1"]
[SourceVersionDate "2012.11.12"]
[SourceQuality "1"]

1. d4 Nf6 2. c4 g6 3. g3 Bg7 4. Bg2 0-0 5. Nf3 d6 6. Nc3 Nc6 7. 0-0 Bg4 8. d5 Bxf3 9. exf3 Ne5 10. Qe2 c6 11. f4 Neg4 12. dxc6 bxc6 13. Bxc6 Rb8 14. b3 h5 15. Bb2 Qb6 16. Bg2 1-0

[Event "CP-2010-P-00059"]
[Site "LSS email"]
[Date "2010.09.28"]
[Round "?"]
[White "Kalyoncuoglu, Ozgur"]
[Black "Traczewski, Wojciech"]
[Result "1-0"]
[WhiteElo "1952"]
[BlackElo "1382"]
[PlyCount "27"]
[EventDate "2010.10.01"]
[EventType "tourn (corr)"]
[EventRounds "6"]
[EventCountry "GER"]
[SourceTitle "Corr 2013"]
[Source "ChessBase"]
[SourceDate "2012.11.12"]
[SourceVersion "1"]
[SourceVersionDate "2012.11.12"]
[SourceQuality "1"]

1. d4 Nf6 2. c4 g6 3. Nc3 d5 4. cxd5 Nxd5 5. e4 Nxc3 6. bxc3 Bg7 7. Nf3 c5 8. Rb1 0-0 9. Be2 cxd4 10. cxd4 Nc6 11. d5 Ne5 12. Nxe5 Bxe5 13. 0-0 b6 14. f4 1-0

[Event "LSS No Engine Cup 23 Preliminary 7"]
[Site "LSS email"]
[Date "2010.06.04"]
[Round "?"]
[White "Tamashiro, Ariel"]
[Black "Traczewski, Wojciech"]
[Result "1-0"]
[WhiteElo "1306"]
[BlackElo "1382"]
[PlyCount "27"]
[EventDate "2010.06.05"]
[EventType "tourn (corr)"]
[EventRounds "6"]
[EventCountry "GER"]
[SourceTitle "Corr 2013"]
[Source "ChessBase"]
[SourceDate "2012.11.12"]
[SourceVersion "1"]
[SourceVersionDate "2012.11.12"]
[SourceQuality "1"]

1. e4 c5 2. f4 Nc6 3. Nf3 d5 4. e5 Bg4 5. Bb5 a6 6. Bxc6+ bxc6 7. 0-0 Nh6 8. d3 Nf5 9. Qd2 Bxf3 10. Rxf3 e6 11. Nc3 Be7 12. b3 0-0 13. Bb2 Nd4 14. Rh3 1-0

[Event "LSS No Engine Cup 23 Preliminary 7"]
[Site "LSS email"]
[Date "2010.06.04"]
[Round "?"]
[White "Zimmermann, Jan Erik"]
[Black "Traczewski, Wojciech"]
[Result "1/2-1/2"]
[WhiteElo "948"]
[BlackElo "1382"]
[PlyCount "39"]
[EventDate "2010.06.05"]
[EventType "tourn (corr)"]
[EventRounds "6"]
[EventCountry "GER"]
[SourceTitle "Telechess CBM 147"]
[Source "ChessBase"]
[SourceDate "2012.03.16"]
[SourceVersion "1"]
[SourceVersionDate "2012.03.16"]
[SourceQuality "1"]

1. e4 c5 2. c3 Nf6 3. e5 Nd5 4. d4 cxd4 5. cxd4 Nc6 6. Nf3 a6 7. Bc4 Nb6 8. Bb3 d5 9. exd6 Qxd6 10. 0-0 Bg4 11. Be3 Bxf3 12. Qxf3 e6 13. Nc3 Be7 14. d5 Nxd5 15. Nxd5 exd5 16. Qxd5 Qxd5 17. Bxd5 Rc8 18. Rac1 0-0 19. Bxc6 Rxc6 20. Rxc6 1/2-1/2

[Event "LSS SD-2010-0-00058"]
[Site "LSS email"]
[Date "2010.05.24"]
[Round "?"]
[White "Michos, Dionyssios"]
[Black "Traczewski, Wojciech"]
[Result "1-0"]
[WhiteElo "1579"]
[BlackElo "1421"]
[PlyCount "41"]
[EventDate "2010.04.17"]
[EventType "tourn (corr)"]
[EventRounds "6"]
[EventCountry "GER"]
[SourceTitle "Telechess CBM 141"]
[Source "ChessBase"]
[SourceDate "2011.03.17"]
[SourceVersion "1"]
[SourceVersionDate "2011.03.17"]
[SourceQuality "1"]

1. d4 Nf6 2. c4 g6 3. Nc3 d5 4. cxd5 Nxd5 5. e4 Nxc3 6. bxc3 Bg7 7. Bc4 c5 8. Ne2 0-0 9. 0-0 Nc6 10. Be3 Bg4 11. f3 cxd4 12. cxd4 Na5 13. Bd3 Be6 14. d5 Bxa1 15. Qxa1 f6 16. Bh6 Re8 17. Kh1 Rc8 18. Nf4 Bf7 19. Bb5 a6 20. Bxe8 Qxe8 21. e5 1-0

[Event "OP-2010-0-01147"]
[Site "LSS email"]
[Date "2010.05.02"]
[Round "?"]
[White "Santos, Sebastiao"]
[Black "Traczewski, Wojciech"]
[Result "1-0"]
[WhiteElo "1822"]
[BlackElo "1559"]
[PlyCount "39"]
[EventDate "2010.04.27"]
[EventType "tourn (corr)"]
[EventRounds "4"]
[EventCountry "GER"]
[SourceTitle "Telechess CBM 141"]
[Source "ChessBase"]
[SourceDate "2011.03.17"]
[SourceVersion "1"]
[SourceVersionDate "2011.03.17"]
[SourceQuality "1"]

1. e4 c5 2. Nf3 Nc6 3. Nc3 d6 4. d4 cxd4 5. Nxd4 Nf6 6. Bg5 e6 7. Qd2 Be7 8. 0-0-0 0-0 9. f4 Bd7 10. Nf3 Rc8 11. e5 Nd5 12. exd6 Bxg5 13. fxg5 Nxc3 14. Qxc3 Qb6 15. a3 Na5 16. Qb4 Qe3+ 17. Kb1 b6 18. Bd3 Rc5 19. Rhe1 Nc6 20. Bxh7+ 1-0

[Event "OP-2010-0-01147"]
[Site "LSS email"]
[Date "2010.05.02"]
[Round "?"]
[White "Traczewski, Wojciech"]
[Black "Raines, David T"]
[Result "1-0"]
[WhiteElo "1542"]
[BlackElo "1056"]
[PlyCount "49"]
[EventDate "2010.04.27"]
[EventType "tourn (corr)"]
[EventRounds "4"]
[EventCountry "GER"]
[SourceTitle "Telechess CBM 141"]
[Source "ChessBase"]
[SourceDate "2011.03.17"]
[SourceVersion "1"]
[SourceVersionDate "2011.03.17"]
[SourceQuality "1"]

1. e4 d6 2. d4 Nf6 3. Nc3 c6 4. f4 g6 5. Nf3 Bg7 6. Bd3 Bg4 7. 0-0 0-0 8. e5 Nd5 9. Nxd5 cxd5 10. h3 Be6 11. Ng5 Bc8 12. c3 dxe5 13. fxe5 e6 14. Qg4 Nc6 15. Be3 Ne7 16. Qh4 h6 17. Nxf7 Rxf7 18. Rxf7 Kxf7 19. Rf1+ Ke8 20. Bxh6 Bxh6 21. Qxh6 Kd7 22. Bb5+ Kc7 23. Rf8 Ng8 24. Qg7+ Qe7 25. Rf7 1-0

[Event "OP-2010-0-01147"]
[Site "LSS email"]
[Date "2010.05.02"]
[Round "?"]
[White "Wichmann, Guillermo"]
[Black "Traczewski, Wojciech"]
[Result "1-0"]
[WhiteElo "1372"]
[BlackElo "1382"]
[PlyCount "53"]
[EventDate "2010.04.27"]
[EventType "tourn (corr)"]
[EventRounds "4"]
[EventCountry "GER"]
[SourceTitle "Telechess CBM 147"]
[Source "ChessBase"]
[SourceDate "2012.03.16"]
[SourceVersion "1"]
[SourceVersionDate "2012.03.16"]
[SourceQuality "1"]

1. d4 Nf6 2. Nf3 g6 3. c4 Bg7 4. Nc3 d5 5. Bf4 0-0 6. e3 c5 7. dxc5 Qa5 8. Rc1 dxc4 9. Bxc4 Qxc5 10. Bb3 Nc6 11. h3 Rd8 12. Qe2 Ne4 13. 0-0 Nxc3 14. bxc3 Bf5 15. e4 Bc8 16. Be3 Qh5 17. Rfd1 Rxd1+ 18. Rxd1 Bxh3 19. gxh3 Qxh3 20. Ng5 Qh4 21. Bxf7+ Kh8 22. Bb3 h6 23. Ne6 Bxc3 24. Nf4 Kg7 25. Qc4 Qg4+ 26. Kf1 Qxd1+ 27. Bxd1 1-0